Es-tu un vrai Fearnot ? - Statistiques

Statistiques générales
  • Ce quiz a été pris 15 fois
  • Le résultat moyen est 8 sur 22
Statistiques - réponses
Date de sortie Titre % Correct
2022 (Antifragile) Antifragile
100%
2024 (Easy) Easy
92%
2022 (Fearless) Fearless
92%
2023 (Perfect Night) Perfect Night
92%
2023 (Unforgiven-Ft. Nile Rodgers) Unforgiven
92%
2024 (Easy) Smart
67%
2022 (Fearless) Blue Flame
42%
2023 (Unforgiven) Fire In The Belly
33%
2022 (Fearless) Sour Grapes
33%
2024 (Easy) Swan Song
33%
2022 (Antifragile) The Hydra
33%
2022 (Antifragile) Good Parts
25%
2022 (Antifragile) Impurities
25%
2022 (Antifragile) No Celestial
25%
2023 (Unforgiven) Eve, Psyche & TheBluebeard's Wife
17%
2022 (Fearless) The Great Mermaid
17%
2022 (Fearless) The World Is My Oyster
17%
2023 (Unforgiven) Flash Forward
8%
2023 (Unforgiven) Burn The Bridge
0%
2024 (Easy) Good Bones
0%
2023 (Unforgiven) No Return
0%
2024 (Easy) We Got So Much
0%
Aucun quiz correspondant
Distribution des résultats
% des personnes avec chaque résultat
Percentile par nombre de réponses
Votre historique - résultats
Vous n’avez pas pris ce quiz